000 01221nam a2200325Ia 4500
001 ebr10331356
003 CaPaEBR
006 m u
007 cr cn|||||||||
008 930316s1993 maua sb 001 0 eng d
010 _z 93017063
020 _z0674790103 (alk. paper)
020 _z9780674790100
040 _aCaPaEBR
_cCaPaEBR
035 _a(OCoLC)456408048
050 1 4 _aHT1521
_b.S542 1993eb
082 0 4 _a305.8
_220
100 1 _aSniderman, Paul M.
245 1 4 _aThe scar of race
_h[electronic resource] /
_cPaul M. Sniderman and Thomas Piazza.
260 _aCambridge, Mass. :
_bBelknap Press of Harvard University Press,
_c1993.
300 _axi, 212 p. :
_bill.
504 _aIncludes bibliographical references and index.
533 _aElectronic reproduction.
_bPalo Alto, Calif. :
_cebrary,
_d2009.
_nAvailable via World Wide Web.
_nAccess may be limited to ebrary affiliated libraries.
650 0 _aRace relations.
650 0 _aRacism.
655 7 _aElectronic books.
_2local
700 1 _aPiazza, Thomas Leonard.
710 2 _aebrary, Inc.
856 4 0 _uhttp://site.ebrary.com/lib/rucke/Doc?id=10331356
_zAn electronic book accessible through the World Wide Web; click to view
999 _c51307
_d51307